[Event "Hersonissos op 3rd"]
[Site "Hersonissos"]
[Date "2019.05.18"]
[Round "4"]
[White "Froewis, Georg"]
[Black "L'Ami, Alina"]
[Result "1/2-1/2"]
[WhiteElo "2442"]
[BlackElo "2286"]
[PlyCount "202"]
[EventDate "2019.05.15"]
[EventType "swiss"]
[EventRounds "9"]
[EventCountry "GRE"]
[SourceTitle "CBM 190 Extra"]
[Source "ChessBase"]
[SourceDate "2019.07.15"]
[SourceVersion "1"]
[SourceVersionDate "2019.07.15"]
[SourceQuality "1"]

1. Nf3 Nf6 2. c4 g6 3. Nc3 Bg7 4. e4 d6 5. d4 0-0 6. Be2 e5 7. 0-0 Nc6 8. d5 Ne7 9. Ne1 Nd7 10. Nd3 f5 11. f3 f4 12. Bd2 g5 13. Rc1 Ng6 14. c5 Nf6 15. Nb5 Rf7 16. Ba5 b6 17. cxd6 cxd6 18. Be1 g4 19. fxg4 Nxe4 20. Nb4 a6 21. Bf3 Ng5 22. Nc6 Qd7 23. Nc3 e4 24. Nxe4 Nxe4 25. Bxe4 Qxg4 26. Qb3 Qe2 27. Bxg6 hxg6 28. Bf2 Qxb2 29. Qxb2 Bxb2 30. Rb1 Bg7 31. Rxb6 Bf8 32. Bh4 Rf5 33. Be7 Rxd5 34. Bxf8 Kxf8 35. Rxf4+ Kg7 36. h3 g5 37. Rf2 g4 38. hxg4 Rb5 39. Rxb5 axb5 40. Nd4 Bxg4 41. Nxb5 Ra4 42. a3 d5 43. Rd2 Bd7 44. Nc3 Rxa3 45. Nxd5 Bc6 46. Nf4 Ra4 47. Rf2 Kh6 48. Kh2 Kg5 49. Nh3+ Kg6 50. Rd2 Kf5 51. g3 Ra1 52. Nf2 Rf1 53. Kh3 Bf3 54. Kh4 Re1 55. Rd8 Bb7 56. Rf8+ Kg6 57. Nd3 Re7 58. Nf4+ Kg7 59. Rb8 Kf6 60. Nh5+ Kg6 61. Rg8+ Kf7 62. Rg7+ Kf8 63. Rg6 Be4 64. Rf6+ Rf7 65. Rb6 Rb7 66. Ra6 Bd3 67. Ra8+ Kf7 68. Nf4 Be4 69. Ra4 Bf3 70. Ra6 Rb8 71. Nd3 Be2 72. Ne5+ Kg7 73. Rg6+ Kh7 74. Re6 Bb5 75. Re7+ Kg8 76. Ng4 Kf8 77. Rh7 Rb6 78. Rc7 Be2 79. Ne5 Re6 80. Nd7+ Kf7 81. Nc5+ Re7 82. Rc6 Re5 83. g4 Ke7 84. g5 Bb5 85. Rc8 Kd6 86. Nb7+ Kd7 87. Rf8 Ke7 88. Rf6 Re4+ 89. Kg3 Bd7 90. Rh6 Rg4+ 91. Kf3 Rxg5 92. Rh7+ Ke8 93. Nd6+ Kf8 94. Rf7+ Kg8 95. Rxd7 Kf8 96. Rf7+ Kg8 97. Kf4 Rg7 98. Rf6 Rd7 99. Kf5 Re7 100. Rg6+ Kf8 101. Kf6 Re6+ 1/2-1/2

[Event "Hersonissos op 3rd"]
[Site "Hersonissos"]
[Date "2019.05.15"]
[Round "1"]
[White "Froewis, Gerhard"]
[Black "L'Ami, Alina"]
[Result "0-1"]
[WhiteElo "1600"]
[BlackElo "2286"]
[PlyCount "40"]
[EventDate "2019.05.15"]
[EventType "swiss"]
[EventRounds "9"]
[EventCountry "GRE"]
[SourceTitle "CBM 190 Extra"]
[Source "ChessBase"]
[SourceDate "2019.07.15"]
[SourceVersion "1"]
[SourceVersionDate "2019.07.15"]
[SourceQuality "1"]

1. d4 Nf6 2. Nf3 g6 3. Bf4 Bg7 4. e3 d6 5. Bd3 Nh5 6. Bg3 0-0 7. c3 Bg4 8. Nbd2 Nxg3 9. hxg3 e5 10. Qc2 exd4 11. Nxd4 c5 12. N4f3 Nc6 13. 0-0-0 d5 14. Rh4 h5 15. Rdh1 c4 16. Bf1 b5 17. Nd4 Nxd4 18. cxd4 Re8 19. f3 Rxe3 20. Bxc4 Bf5 0-1

[Event "Reykjavik op"]
[Site "Reykjavik"]
[Date "2019.04.13"]
[Round "6"]
[White "Carr, Jay A"]
[Black "L'Ami, Alina"]
[Result "0-1"]
[WhiteElo "1832"]
[BlackElo "2290"]
[PlyCount "86"]
[EventDate "2019.04.08"]
[EventType "swiss"]
[EventRounds "9"]
[EventCountry "ISL"]
[SourceTitle "CBM 189 Extra"]
[Source "ChessBase"]
[SourceDate "2019.06.03"]
[SourceVersion "1"]
[SourceVersionDate "2019.06.03"]
[SourceQuality "1"]

1. c4 Nf6 2. g3 g6 3. Bg2 Bg7 4. Nc3 0-0 5. d3 d6 6. e4 c5 7. Nge2 Nc6 8. 0-0 a6 9. a4 Rb8 10. h3 Ne8 11. Rb1 Nc7 12. Be3 Ne6 13. Nd5 Ned4 14. Nxd4 Nxd4 15. b4 e6 16. Nf4 Bd7 17. b5 axb5 18. axb5 Ra8 19. Ne2 Nxe2+ 20. Qxe2 Qb6 21. f4 Rfe8 22. Qf2 Ra3 23. Rfd1 Bd4 24. Bxd4 cxd4 25. e5 Rea8 26. exd6 Bc8 27. Rbc1 Qxd6 28. c5 Qd8 29. c6 bxc6 30. bxc6 R8a4 31. Qb2 Qc7 32. Rc4 Rxd3 33. Rxd3 Rxc4 34. Kh2 e5 35. Bd5 Rc5 36. Qb3 Kg7 37. fxe5 Qxe5 38. Bf3 Bf5 39. Rd2 Rc3 40. Qd5 Qe3 41. Rxd4 Be6 42. Qe4 Qxf3 43. Qe5+ Qf6 0-1

[Event "ROM-chT (Women)"]
[Site "Sovata"]
[Date "2018.11.30"]
[Round "6.4"]
[White "Sandu, Mihaela"]
[Black "L'Ami, Alina"]
[Result "1/2-1/2"]
[WhiteElo "2308"]
[BlackElo "2285"]
[PlyCount "165"]
[EventDate "2018.11.25"]
[EventType "team-tourn"]
[EventRounds "7"]
[EventCountry "ROU"]
[SourceTitle "CBM 187 Extra"]
[Source "ChessBase"]
[SourceDate "2018.11.04"]
[SourceVersion "1"]
[SourceVersionDate "2018.11.04"]
[SourceQuality "1"]
[WhiteTeam "Timisoara Medicina (W)"]
[BlackTeam "Iasi Politehnica (W)"]
[WhiteTeamCountry "ROU"]
[BlackTeamCountry "ROU"]

1. e4 c5 2. Nf3 d6 3. d4 cxd4 4. Nxd4 Nf6 5. Nc3 a6 6. Be3 e5 7. Nf3 Qc7 8. a4 h6 9. Be2 Be6 10. 0-0 Nbd7 11. a5 Qc6 12. Nd2 d5 13. exd5 Nxd5 14. Nxd5 Bxd5 15. Bf3 Be7 16. Bxd5 Qxd5 17. Qg4 Nf6 18. Qa4+ Qd7 19. Nc4 Qxa4 20. Rxa4 Nd7 21. Rd1 Rd8 22. Raa1 0-0 23. Rd5 f6 24. Rad1 Nb8 25. Nb6 Kf7 26. c4 Nc6 27. Nd7 Rfe8 28. Kf1 Bb4 29. Bd2 Bxd2 30. R1xd2 Ke7 31. Nc5 Nxa5 32. Rd7+ Rxd7 33. Rxd7+ Kf8 34. Nxb7 Nxc4 35. b3 Na3 36. Nd6 Rb8 37. Ra7 Nb5 38. Rxa6 Nxd6 39. Rxd6 Rxb3 40. h4 Ke7 41. Ra6 Rd3 42. g3 h5 43. Ke2 Rd6 44. Ra7+ Rd7 45. Ra6 g6 46. Ke3 Rd6 47. Ra7+ Ke6 48. Ra8 Rb6 49. Rg8 Kf5 50. Rf8 Rb3+ 51. Ke2 e4 52. Re8 Rb5 53. Rf8 Rb6 54. Rg8 Ra6 55. Rg7 g5 56. hxg5 fxg5 57. Kf1 Re6 58. Rf7+ Rf6 59. Re7 h4 60. gxh4 gxh4 61. Rh7 Kg5 62. Re7 Rf4 63. Ke2 h3 64. Kf1 Rh4 65. Kg1 Kf4 66. Kh2 Kf3 67. Kg1 Rg4+ 68. Kf1 Rf4 69. Rh7 Kg4 70. Rg7+ Kf5 71. Rh7 Rf3 72. Ke2 Ra3 73. Rh8 Kg6 74. Rh4 Kg5 75. Rh8 Rf3 76. Rg8+ Kh6 77. Rh8+ Kg6 78. Rh4 Kf5 79. Rh8 Ke5 80. Re8+ Kd4 81. Rd8+ Kc3 82. Rc8+ Kb2 83. Re8 1/2-1/2

[Event "Bucharest Kings rapid (Women) 12th"]
[Site "Bucharest"]
[Date "2018.11.20"]
[Round "4"]
[White "Foisor, Sabina Francesca"]
[Black "L'Ami, Alina"]
[Result "1-0"]
[WhiteElo "2264"]
[BlackElo "2285"]
[PlyCount "59"]
[EventDate "2018.11.19"]
[EventType "tourn (rapid)"]
[EventRounds "6"]
[EventCountry "ROU"]
[EventCategory "3"]
[SourceTitle "CBM 187 Extra"]
[Source "ChessBase"]
[SourceDate "2018.11.04"]
[SourceVersion "1"]
[SourceVersionDate "2018.11.04"]
[SourceQuality "1"]

1. d4 Nf6 2. c4 g6 3. g3 Bg7 4. Bg2 0-0 5. Nc3 d6 6. Nf3 c6 7. 0-0 Bf5 8. Re1 Ne4 9. Nxe4 Bxe4 10. Bh3 Bxf3 11. exf3 e6 12. d5 cxd5 13. cxd5 e5 14. f4 f5 15. Qb3 Na6 16. fxe5 dxe5 17. Qxb7 Nc5 18. Qb5 Rc8 19. Be3 a6 20. Qc4 Qd6 21. Rac1 Nd7 22. Qxc8 Rxc8 23. Rxc8+ Kf7 24. Bf1 Ke7 25. Rd1 e4 26. Rc6 Qb4 27. b3 Ne5 28. Bc5+ Qxc5 29. Rxc5 Kd6 30. Ra5 1-0

[Event "Bucharest Kings rapid (Women) 12th"]
[Site "Bucharest"]
[Date "2018.11.20"]
[Round "5"]
[White "L'Ami, Alina"]
[Black "Bulmaga, Irina"]
[Result "1-0"]
[WhiteElo "2285"]
[BlackElo "2386"]
[PlyCount "119"]
[EventDate "2018.11.19"]
[EventType "tourn (rapid)"]
[EventRounds "6"]
[EventCountry "ROU"]
[EventCategory "3"]
[SourceTitle "CBM 187 Extra"]
[Source "ChessBase"]
[SourceDate "2018.11.04"]
[SourceVersion "1"]
[SourceVersionDate "2018.11.04"]
[SourceQuality "1"]

1. d4 Nf6 2. c4 e6 3. Nc3 Bb4 4. e3 0-0 5. Bd3 d5 6. Nf3 c5 7. 0-0 cxd4 8. exd4 dxc4 9. Bxc4 b6 10. Qe2 Bb7 11. Rd1 Bxc3 12. bxc3 Nbd7 13. Ba3 Re8 14. Ne5 Qc7 15. Rac1 Rac8 16. Bd3 Nxe5 17. dxe5 Qc6 18. f3 Nd5 19. Qe4 g6 20. c4 Ne7 21. Qh4 Nf5 22. Bxf5 exf5 23. Be7 Qc7 24. Bf6 h5 25. Rd4 Qc5 26. Rcd1 Ba6 27. g4 fxg4 28. fxg4 Bb7 29. gxh5 Qc6 30. Rd5 Qxc4 31. Qxc4 Rxc4 32. Rd8 Rc8 33. Rxe8+ Rxe8 34. hxg6 fxg6 35. Rd7 Be4 36. Rxa7 Bf5 37. Rg7+ Kf8 38. Rh7 Re6 39. Ra7 Rc6 40. Kf2 Rc2+ 41. Kg3 Be6 42. a3 b5 43. Ra6 Kf7 44. Ra7+ Kf8 45. h4 Rc4 46. Re7 Bf5 47. Rb7 Rg4+ 48. Kf2 Ra4 49. Be7+ Ke8 50. Bb4 Bd7 51. e6 Bxe6 52. Re7+ Kf8 53. Rxe6+ Kg7 54. Re5 Ra6 55. Rxb5 Rf6+ 56. Kg3 Re6 57. Rb7+ Kf6 58. Bc3+ Kf5 59. Rb5+ Ke4 60. Re5+ 1-0

[Event "Douglas IoM op"]
[Site "Douglas"]
[Date "2018.10.28"]
[Round "9"]
[White "L'Ami, Alina"]
[Black "Wallace, John Paul"]
[Result "0-1"]
[WhiteElo "2296"]
[BlackElo "2377"]
[PlyCount "136"]
[EventDate "2018.10.20"]
[EventType "swiss"]
[EventRounds "9"]
[EventCountry "ENG"]
[SourceTitle "CBM 187"]
[Source "ChessBase"]
[SourceDate "2018.12.11"]
[SourceVersion "1"]
[SourceVersionDate "2018.12.11"]
[SourceQuality "1"]

1. d4 Nf6 2. c4 g6 3. Nc3 Bg7 4. e4 d6 5. h3 0-0 6. Bg5 Nbd7 7. Bd3 c5 8. d5 e6 9. Nf3 exd5 10. cxd5 a6 11. a4 Re8 12. 0-0 Ne5 13. Nxe5 Rxe5 14. f4 Rxg5 15. fxg5 Nd7 16. Qd2 Ne5 17. Be2 Bd7 18. a5 h6 19. gxh6 Bf6 20. Na4 Bg5 21. Qc2 Qxa5 22. Qb3 b5 23. Qg3 Bxh6 24. Nxc5 Qb6 25. b4 dxc5 26. Qxe5 cxb4+ 27. Kh1 Re8 28. Rf6 Qd8 29. Qd6 Bg7 30. Raf1 Bxf6 31. Rxf6 Qe7 32. Qxa6 Qxe4 33. Bxb5 Bxh3 34. Rf3 Bg4 35. Bxe8 Bxf3 36. gxf3 Qxf3+ 37. Kh2 Qf2+ 38. Kh1 Qf3+ 39. Kh2 Qf2+ 40. Kh1 Qe1+ 41. Kh2 Qxe8 42. Qb7 Qe5+ 43. Kg2 Qb2+ 44. Kg3 b3 45. d6 Qe5+ 46. Kg2 Qe2+ 47. Kg3 Qd3+ 48. Kg2 Qd2+ 49. Kf3 Qxd6 50. Qxb3 Qd4 51. Kg2 Kg7 52. Qb7 g5 53. Qb5 Qg4+ 54. Kh1 Qh4+ 55. Kg1 Qg4+ 56. Kh1 f6 57. Qb7+ Kg6 58. Qb5 Qe4+ 59. Kg1 Qe1+ 60. Kg2 Qe4+ 61. Kg1 g4 62. Qb8 Kg5 63. Qg8+ Kf4 64. Qf7 Qe1+ 65. Kg2 Qd2+ 66. Kg1 Qc1+ 67. Kg2 Qc2+ 68. Kg1 Kg3 0-1

[Event "Douglas IoM op"]
[Site "Douglas"]
[Date "2018.10.27"]
[Round "8"]
[White "Byron, Alan M"]
[Black "L'Ami, Alina"]
[Result "1/2-1/2"]
[WhiteElo "2136"]
[BlackElo "2296"]
[PlyCount "61"]
[EventDate "2018.10.20"]
[EventType "swiss"]
[EventRounds "9"]
[EventCountry "ENG"]
[SourceTitle "CBM 187"]
[Source "ChessBase"]
[SourceDate "2018.12.11"]
[SourceVersion "1"]
[SourceVersionDate "2018.12.11"]
[SourceQuality "1"]

1. c4 b6 2. Nc3 Bb7 3. d3 g6 4. e4 Bg7 5. h4 Nf6 6. Be2 h5 7. Bg5 d6 8. Qd2 c5 9. Nf3 Nbd7 10. Nh2 a6 11. a4 Bc6 12. Ra2 Rb8 13. 0-0 Ne5 14. g3 Bd7 15. Re1 Bg4 16. Bxf6 Bxf6 17. f4 Nc6 18. Nxg4 hxg4 19. Bxg4 e6 20. Raa1 Nd4 21. Qg2 Qc7 22. Rad1 Nc6 23. Bf3 Bd4+ 24. Kf1 Ne7 25. Re2 Qd7 26. Ra1 Kf8 27. Rc2 Nc6 28. Rd2 Kg7 29. Ne2 Be3 30. Rdd1 Nb4 31. Nc3 1/2-1/2

[Event "Douglas IoM op"]
[Site "Douglas"]
[Date "2018.10.24"]
[Round "5"]
[White "Sipos, Silvester"]
[Black "L'Ami, Alina"]
[Result "0-1"]
[WhiteElo "2050"]
[BlackElo "2296"]
[PlyCount "66"]
[EventDate "2018.10.20"]
[EventType "swiss"]
[EventRounds "9"]
[EventCountry "ENG"]
[SourceTitle "CBM 187"]
[Source "ChessBase"]
[SourceDate "2018.12.11"]
[SourceVersion "1"]
[SourceVersionDate "2018.12.11"]
[SourceQuality "1"]

1. e4 c5 2. c4 Nc6 3. g3 g6 4. Bg2 Bg7 5. Ne2 d6 6. d3 Nf6 7. Nbc3 0-0 8. 0-0 a6 9. Bg5 h6 10. Bd2 Rb8 11. h3 b5 12. Be3 bxc4 13. dxc4 Rxb2 14. Qc1 Rb4 15. Bxh6 Rxc4 16. Bxg7 Kxg7 17. Qg5 Rh8 18. g4 Nd4 19. Nxd4 cxd4 20. Ne2 e5 21. Ng3 Be6 22. f4 exf4 23. Rxf4 Rc5 24. Rf5 Bxf5 25. gxf5 Qe7 26. Rf1 Qe5 27. Rf3 Nxe4 28. Nxe4 Qxe4 29. f6+ Kg8 30. Qg3 Qe5 31. Qg4 Rc1+ 32. Bf1 Rh5 33. h4 Rf5 0-1